000 00392nam a2200121Ia 4500
008 210430s9999 xx 000 0 und d
082 _a620.11 S5241 H
100 _aAbdulla Shariff
_954437
245 _aHand book of Properties of Engineering Materials and Design Data for Machine Elements
_cAbdulla Shariff
260 _aIndia
_bDhanpat Rai &CO
_c2009
300 _a26.23 p
942 _cBK
_2ddc
999 _c565034
_d565034